000 00869cab a2200229 4500
001 ABS56145
008 090401t1996 xxu||||| |||| 00| 0 eng d
035 _a(Sirsi) u21565
041 _aeng
100 _aKendall, J.
245 _aSimpler dispute resolution
260 _c1996
350 _a0
490 _aSolicitors` Journal
_v140(45) 29 November 1996, 1152(1)
520 _aOutlines the system of expert determination as a form of alternative dipsute resolution, including common procedure, applications to types of dispute, grounds for challenge, and advantages over other DR methods.
650 _aALTERNATIVE DISPUTE RESOLUTION
650 _aEXPERT DETERMINATION
650 _aEXPERT WITNESSES
690 _aMANAGEMENT-DISPUTE AVOIDANCE, MANAGEMENT AND RESOLUTION-DISPUTE MANAGEMENT AND RESOLUTION-ARBITRATION
942 _n0
948 _c04/03/1997
999 _c14474
_d14474